000 00333 a2200157 4500
001 48710
040 _cAnchieta - Bela Vista
100 _aBandeira, Pedro
240 1 0 _aA onça e o saci
_lpor
245 1 0 _aA onça e o saci
300 _a32
362 0 _a2003
440 1 _aModerna
650 4 _aLiteratura infantil
942 _cBK
999 _c48710
_d48710